000 01016 a2200217 4500
005 2008091709379.0
008 080917t xxu||||| |||| 00| 0 hin d
010 _aHIN-81020
020 _a8189691087
_c150.00
035 _aHN-53366
037 _bD.B.Act / pub
082 _a921
100 _aरणवां,मनसुख'मन'
245 _aमरू माणक कुम्भाराम
_cमनसुख रणवां 'मन'
246 _aMaru manak Kumbharam
_bby Mansukh Ranvan man
260 _aजयपुर
_bकल्पना पब्लिकेशन
_c2006
270 _aदुकान न.157,दूसरी मंजिल,चंदपोल
_bजयपुर
_e01
300 _a120पृ
_bफोटो
_c22सेमी (सजिल्द)
942 _adpl
_cHN
_k921 /रणवां
_2ddc
_h921
_mरणवां
999 _c7818
_d7818